|
|
|
|
| LEADER |
00000nab#a22000007a#4500 |
| 001 |
arbauad000777 |
| 003 |
AR-BaUAD |
| 005 |
20250711110412.0 |
| 008 |
930617|||||||||###||||||b###|0###a|spa|| |
| 040 |
|
|
|a AR-BaUAD
|c AR-BaUAD
|b spa
|
| 245 |
1 |
0 |
|a Walmer en la Argentina
|
| 300 |
0 |
|
|b p. s/paginar: fot.
|
| 653 |
|
|
|a DISEÑO INDUSTRIAL
|
| 653 |
|
|
|a EXPOSICIONES
|
| 653 |
|
|
|a WALMER ARREDAMENTI
|
| 653 |
|
|
|a ARTEFACTOS
|
| 653 |
|
|
|a ILUMINACION
|
| 653 |
|
|
|a MOBILIARIO
|
| 773 |
0 |
|
|t SUMMA
|g no. 294-295 [1992]
|
| 942 |
|
|
|c ARTI
|
| 952 |
|
|
|0 0
|1 0
|4 0
|7 0
|9 45698
|a AR-BAuAD
|b AR-BAuAD
|d 2025-07-11
|l 0
|p AAQA000777
|r 2025-07-11 11:04:12
|w 2025-07-11
|y ARTI
|
| 990 |
|
|
|a DI199
|b TD
|
| 998 |
|
|
|a AAQ
|b BIBUN76
|
| 999 |
|
|
|c 25371
|d 25371
|